000 00324nam a2200133Ia 4500
008 100122s9999 xx 000 0 und d
082 _b10588
_a50
245 _aअलका
520 _aदिवाळी - 02
620 _aदिवाळी - 02
630 _aअलका
730 _aअलका
942 _cBOOK
999 _c384108
_d384105